000
00350nam a2200157Ia 4500
003
OSt
005
20240312123744.0
008
170523s9999 xx 000 0 und d
020
_a
978-8120309081
040
_c
iimtu meerut
100
_a
PETER M
245
4
_a
THE ESSENCE OF MARKETING RESEARCH
260
_b
PHI
260
_c
2003
942
_2
ddc
_c
02
999
_c
1546
_d
1546